Primer curso de contabilidad /
Guardado en:
| Autor Principal: | |
|---|---|
| Formato: | Libro |
| Publicado: |
Buenos Aires :
El Ateneo,
1953
|
| Edición: | 6a. ed. |
| Materias: | |
| Etiquetas: |
Agregar Etiqueta
Sin Etiquetas, Sea el primero en etiquetar este registro!
|
| LEADER | 00455nam a22001695a 4500 | ||
|---|---|---|---|
| 001 | CEM.cems002553 | ||
| 005 | 19000101000000.0 | ||
| 008 | 130507s1953##################000#0#####d | ||
| 003 | CEMS | ||
| 082 | 0 | 4 | |a 657 |
| 100 | 1 | |a Floriani, Humberto | |
| 245 | 1 | 0 | |a Primer curso de contabilidad / |
| 250 | |a 6a. ed. | ||
| 260 | |a Buenos Aires : |b El Ateneo, |c 1953 | ||
| 300 | |a 336 p. | ||
| 653 | |a Contabilidad | ||
| 859 | |a CEMS |b BIB. CEMS - 11 de abril |h 657 |i F663a6/I |p 5079.76 |t Ej.1 | ||
